| 000 | 00440nam a22001697a 4500 | ||
|---|---|---|---|
| 005 | 20251108172457.0 | ||
| 008 | 250721s9999 xx 000 0 ara d | ||
| 082 | 1 | 4 | _a214.6قرض |
| 100 | 1 | _aقرضاوي، يوسف | |
| 245 | 1 | 0 | _aأمتنا بين قرنين / |
| 264 | 1 |
_aالقاهرة : _bدار الشروق، |
|
| 300 | _a270ص | ||
| 650 | 1 | 7 | _aالإسلام |
| 650 | 1 | 7 | _aالعولمة |
| 942 |
_2ddc _cBK |
||
| 999 |
_c80367 _d80367 |
||